<?xml version="1.0" encoding="UTF-8"?>
<record
    xmlns:xsi="http://www.w3.org/2001/XMLSchema-instance"
    xsi:schemaLocation="http://www.loc.gov/MARC21/slim http://www.loc.gov/standards/marcxml/schema/MARC21slim.xsd"
    xmlns="http://www.loc.gov/MARC21/slim">

  <leader>00799nam a22002177a 4500</leader>
  <controlfield tag="005">20180615141408.0</controlfield>
  <datafield tag="010" ind1=" " ind2=" ">
    <subfield code="a">1718EN-30     B-688995-9009  </subfield>
  </datafield>
  <datafield tag="020" ind1=" " ind2=" ">
    <subfield code="a">9781137582416</subfield>
    <subfield code="c">1254.00</subfield>
  </datafield>
  <datafield tag="035" ind1=" " ind2=" ">
    <subfield code="a">B-688995-9009  </subfield>
  </datafield>
  <datafield tag="037" ind1=" " ind2=" ">
    <subfield code="b">Atlantic</subfield>
    <subfield code="a">dpl</subfield>
  </datafield>
  <datafield tag="082" ind1=" " ind2=" ">
    <subfield code="a">658.4012</subfield>
  </datafield>
  <datafield tag="100" ind1=" " ind2=" ">
    <subfield code="a">Lasserre, Philippe</subfield>
  </datafield>
  <datafield tag="245" ind1=" " ind2=" ">
    <subfield code="a">Global strategic management</subfield>
    <subfield code="c">by Philippe Lasserre</subfield>
  </datafield>
  <datafield tag="250" ind1=" " ind2=" ">
    <subfield code="a">3rd ed.</subfield>
  </datafield>
  <datafield tag="260" ind1=" " ind2=" ">
    <subfield code="a">New York</subfield>
    <subfield code="b">Palgrave Macmillan</subfield>
    <subfield code="c">2015</subfield>
  </datafield>
  <datafield tag="270" ind1=" " ind2=" ">
    <subfield code="a">175, Fifth Avaenue, </subfield>
    <subfield code="b">New York</subfield>
    <subfield code="e">NY-10010</subfield>
  </datafield>
  <datafield tag="300" ind1="v" ind2=" ">
    <subfield code="a">xxxvii,514p.</subfield>
    <subfield code="c">25cm(pbk)</subfield>
  </datafield>
  <datafield tag="500" ind1=" " ind2=" ">
    <subfield code="a">Includes  index  </subfield>
  </datafield>
  <datafield tag="942" ind1=" " ind2=" ">
    <subfield code="2">ddc</subfield>
    <subfield code="c">EN</subfield>
    <subfield code="m">LAS</subfield>
    <subfield code="h">658.4012</subfield>
  </datafield>
  <datafield tag="999" ind1=" " ind2=" ">
    <subfield code="c">145089</subfield>
    <subfield code="d">145089</subfield>
  </datafield>
  <datafield tag="952" ind1=" " ind2=" ">
    <subfield code="0">0</subfield>
    <subfield code="1">0</subfield>
    <subfield code="4">0</subfield>
    <subfield code="7">0</subfield>
    <subfield code="8">NFIC</subfield>
    <subfield code="a">L</subfield>
    <subfield code="b">L</subfield>
    <subfield code="d">2018-06-15</subfield>
    <subfield code="e">Atlantic pub-CUS103131/30.11.17/637/20.11.17/19.1.18</subfield>
    <subfield code="g">1254.00</subfield>
    <subfield code="l">1</subfield>
    <subfield code="o">658.4012 LAS</subfield>
    <subfield code="p">B-688995</subfield>
    <subfield code="r">2020-11-23 00:00:00</subfield>
    <subfield code="s">2020-11-10</subfield>
    <subfield code="t">1</subfield>
    <subfield code="v">1254.00</subfield>
    <subfield code="y">EN</subfield>
  </datafield>
  <datafield tag="952" ind1=" " ind2=" ">
    <subfield code="0">0</subfield>
    <subfield code="1">0</subfield>
    <subfield code="4">0</subfield>
    <subfield code="7">0</subfield>
    <subfield code="8">NFIC</subfield>
    <subfield code="a">AV</subfield>
    <subfield code="b">AV</subfield>
    <subfield code="d">2018-06-15</subfield>
    <subfield code="e">Atlantic pub-CUS103131/30.11.17/637/20.11.17/19.1.18</subfield>
    <subfield code="g">1254.00</subfield>
    <subfield code="l">1</subfield>
    <subfield code="m">1</subfield>
    <subfield code="o">658.4012 LAS</subfield>
    <subfield code="p">B-688996</subfield>
    <subfield code="r">2023-04-29 00:00:00</subfield>
    <subfield code="s">2023-03-29</subfield>
    <subfield code="t">1</subfield>
    <subfield code="v">1254.00</subfield>
    <subfield code="y">EN</subfield>
  </datafield>
  <datafield tag="952" ind1=" " ind2=" ">
    <subfield code="0">0</subfield>
    <subfield code="1">0</subfield>
    <subfield code="4">0</subfield>
    <subfield code="7">0</subfield>
    <subfield code="8">NFIC</subfield>
    <subfield code="a">BL1</subfield>
    <subfield code="b">BL1</subfield>
    <subfield code="d">2018-06-15</subfield>
    <subfield code="e">Atlantic pub-CUS103131/30.11.17/637/20.11.17/19.1.18</subfield>
    <subfield code="g">1254.00</subfield>
    <subfield code="l">2</subfield>
    <subfield code="m">2</subfield>
    <subfield code="o">658.4012 LAS</subfield>
    <subfield code="p">B-688997</subfield>
    <subfield code="r">2019-08-12 00:00:00</subfield>
    <subfield code="s">2019-07-24</subfield>
    <subfield code="t">1</subfield>
    <subfield code="v">1254.00</subfield>
    <subfield code="y">EN</subfield>
  </datafield>
  <datafield tag="952" ind1=" " ind2=" ">
    <subfield code="0">0</subfield>
    <subfield code="1">0</subfield>
    <subfield code="4">0</subfield>
    <subfield code="7">0</subfield>
    <subfield code="8">NFIC</subfield>
    <subfield code="a">KGM</subfield>
    <subfield code="b">KGM</subfield>
    <subfield code="d">2018-06-15</subfield>
    <subfield code="e">Atlantic pub-CUS103131/30.11.17/637/20.11.17/19.1.18</subfield>
    <subfield code="g">1254.00</subfield>
    <subfield code="l">0</subfield>
    <subfield code="o">658.4012 LAS</subfield>
    <subfield code="p">B-688998</subfield>
    <subfield code="r">2018-06-15 00:00:00</subfield>
    <subfield code="t">1</subfield>
    <subfield code="v">1254.00</subfield>
    <subfield code="y">EN</subfield>
  </datafield>
  <datafield tag="952" ind1=" " ind2=" ">
    <subfield code="0">0</subfield>
    <subfield code="1">0</subfield>
    <subfield code="4">0</subfield>
    <subfield code="7">0</subfield>
    <subfield code="8">NFIC</subfield>
    <subfield code="a">PR</subfield>
    <subfield code="b">PR</subfield>
    <subfield code="d">2018-06-15</subfield>
    <subfield code="e">Atlantic pub-CUS103131/30.11.17/637/20.11.17/19.1.18</subfield>
    <subfield code="g">1254.00</subfield>
    <subfield code="l">0</subfield>
    <subfield code="o">658.4012 LAS</subfield>
    <subfield code="p">B-688999</subfield>
    <subfield code="r">2018-06-15 00:00:00</subfield>
    <subfield code="t">1</subfield>
    <subfield code="v">1254.00</subfield>
    <subfield code="y">EN</subfield>
  </datafield>
  <datafield tag="952" ind1=" " ind2=" ">
    <subfield code="0">0</subfield>
    <subfield code="1">0</subfield>
    <subfield code="4">0</subfield>
    <subfield code="7">0</subfield>
    <subfield code="8">NFIC</subfield>
    <subfield code="a">TN</subfield>
    <subfield code="b">TN</subfield>
    <subfield code="d">2018-06-15</subfield>
    <subfield code="e">Atlantic pub-CUS103131/30.11.17/637/20.11.17/19.1.18</subfield>
    <subfield code="g">1254.00</subfield>
    <subfield code="l">0</subfield>
    <subfield code="o">658.4012 LAS</subfield>
    <subfield code="p">B-689000</subfield>
    <subfield code="r">2018-06-15 00:00:00</subfield>
    <subfield code="t">1</subfield>
    <subfield code="v">1254.00</subfield>
    <subfield code="y">EN</subfield>
  </datafield>
  <datafield tag="952" ind1=" " ind2=" ">
    <subfield code="0">0</subfield>
    <subfield code="1">0</subfield>
    <subfield code="4">0</subfield>
    <subfield code="7">0</subfield>
    <subfield code="8">NFIC</subfield>
    <subfield code="a">JP</subfield>
    <subfield code="b">JP</subfield>
    <subfield code="d">2018-06-15</subfield>
    <subfield code="e">Atlantic pub-CUS103131/30.11.17/637/20.11.17/19.1.18</subfield>
    <subfield code="g">1254.00</subfield>
    <subfield code="l">0</subfield>
    <subfield code="o">658.4012 LAS</subfield>
    <subfield code="p">B-689001</subfield>
    <subfield code="r">2018-06-15 00:00:00</subfield>
    <subfield code="t">1</subfield>
    <subfield code="v">1254.00</subfield>
    <subfield code="y">EN</subfield>
  </datafield>
  <datafield tag="952" ind1=" " ind2=" ">
    <subfield code="0">0</subfield>
    <subfield code="1">0</subfield>
    <subfield code="4">0</subfield>
    <subfield code="7">0</subfield>
    <subfield code="8">NFIC</subfield>
    <subfield code="a">ZLS</subfield>
    <subfield code="b">ZLS</subfield>
    <subfield code="d">2018-06-15</subfield>
    <subfield code="e">Atlantic pub-CUS103131/30.11.17/637/20.11.17/19.1.18</subfield>
    <subfield code="g">1254.00</subfield>
    <subfield code="l">1</subfield>
    <subfield code="o">658.4012 LAS</subfield>
    <subfield code="p">B-689002</subfield>
    <subfield code="r">2022-06-13 00:00:00</subfield>
    <subfield code="s">2022-05-26</subfield>
    <subfield code="t">1</subfield>
    <subfield code="v">1254.00</subfield>
    <subfield code="w">2018-06-15</subfield>
    <subfield code="y">EN</subfield>
  </datafield>
  <datafield tag="952" ind1=" " ind2=" ">
    <subfield code="0">0</subfield>
    <subfield code="1">0</subfield>
    <subfield code="4">0</subfield>
    <subfield code="7">0</subfield>
    <subfield code="8">NFIC</subfield>
    <subfield code="a">RKP</subfield>
    <subfield code="b">RKP</subfield>
    <subfield code="d">2018-06-15</subfield>
    <subfield code="e">Atlantic pub-CUS103131/30.11.17/637/20.11.17/19.1.18</subfield>
    <subfield code="g">1254.00</subfield>
    <subfield code="l">0</subfield>
    <subfield code="o">658.4012 LAS</subfield>
    <subfield code="p">B-689003</subfield>
    <subfield code="r">2018-06-15 00:00:00</subfield>
    <subfield code="t">1</subfield>
    <subfield code="v">1254.00</subfield>
    <subfield code="y">EN</subfield>
  </datafield>
  <datafield tag="952" ind1=" " ind2=" ">
    <subfield code="0">0</subfield>
    <subfield code="1">0</subfield>
    <subfield code="4">0</subfield>
    <subfield code="7">0</subfield>
    <subfield code="8">NFIC</subfield>
    <subfield code="a">VP</subfield>
    <subfield code="b">VP</subfield>
    <subfield code="d">2018-06-15</subfield>
    <subfield code="e">Atlantic pub-CUS103131/30.11.17/637/20.11.17/19.1.18</subfield>
    <subfield code="g">1254.00</subfield>
    <subfield code="l">2</subfield>
    <subfield code="o">658.4012 LAS</subfield>
    <subfield code="p">B-689004</subfield>
    <subfield code="r">2022-03-31 00:00:00</subfield>
    <subfield code="s">2022-03-28</subfield>
    <subfield code="t">1</subfield>
    <subfield code="v">1254.00</subfield>
    <subfield code="y">EN</subfield>
  </datafield>
  <datafield tag="952" ind1=" " ind2=" ">
    <subfield code="0">0</subfield>
    <subfield code="1">0</subfield>
    <subfield code="4">0</subfield>
    <subfield code="7">0</subfield>
    <subfield code="8">NFIC</subfield>
    <subfield code="a">NRR</subfield>
    <subfield code="b">NRR</subfield>
    <subfield code="d">2018-06-15</subfield>
    <subfield code="e">Atlantic pub-CUS103131/30.11.17/637/20.11.17/19.1.18</subfield>
    <subfield code="g">1254.00</subfield>
    <subfield code="l">0</subfield>
    <subfield code="o">658.4012 LAS</subfield>
    <subfield code="p">B-689005</subfield>
    <subfield code="r">2018-06-15 00:00:00</subfield>
    <subfield code="t">1</subfield>
    <subfield code="v">1254.00</subfield>
    <subfield code="y">EN</subfield>
  </datafield>
  <datafield tag="952" ind1=" " ind2=" ">
    <subfield code="0">0</subfield>
    <subfield code="1">0</subfield>
    <subfield code="4">0</subfield>
    <subfield code="7">0</subfield>
    <subfield code="8">NFIC</subfield>
    <subfield code="a">BKK</subfield>
    <subfield code="b">BKK</subfield>
    <subfield code="d">2018-06-15</subfield>
    <subfield code="e">Atlantic pub-CUS103131/30.11.17/637/20.11.17/19.1.18</subfield>
    <subfield code="g">1254.00</subfield>
    <subfield code="l">0</subfield>
    <subfield code="o">658.4012 LAS</subfield>
    <subfield code="p">B-689006</subfield>
    <subfield code="r">2018-06-15 00:00:00</subfield>
    <subfield code="t">1</subfield>
    <subfield code="v">1254.00</subfield>
    <subfield code="y">EN</subfield>
  </datafield>
  <datafield tag="952" ind1=" " ind2=" ">
    <subfield code="0">0</subfield>
    <subfield code="1">0</subfield>
    <subfield code="4">0</subfield>
    <subfield code="7">0</subfield>
    <subfield code="8">NFIC</subfield>
    <subfield code="a">NR</subfield>
    <subfield code="b">NR</subfield>
    <subfield code="d">2018-06-15</subfield>
    <subfield code="e">Atlantic pub-CUS103131/30.11.17/637/20.11.17/19.1.18</subfield>
    <subfield code="g">1254.00</subfield>
    <subfield code="l">0</subfield>
    <subfield code="o">658.4012 LAS</subfield>
    <subfield code="p">B-689007</subfield>
    <subfield code="r">2018-06-15 00:00:00</subfield>
    <subfield code="t">1</subfield>
    <subfield code="v">1254.00</subfield>
    <subfield code="y">EN</subfield>
  </datafield>
  <datafield tag="952" ind1=" " ind2=" ">
    <subfield code="0">0</subfield>
    <subfield code="1">0</subfield>
    <subfield code="4">0</subfield>
    <subfield code="7">0</subfield>
    <subfield code="8">NFIC</subfield>
    <subfield code="a">BN</subfield>
    <subfield code="b">BN</subfield>
    <subfield code="d">2018-06-15</subfield>
    <subfield code="e">Atlantic pub-CUS103131/30.11.17/637/20.11.17/19.1.18</subfield>
    <subfield code="g">1254.00</subfield>
    <subfield code="l">0</subfield>
    <subfield code="o">658.4012 LAS</subfield>
    <subfield code="p">B-689008</subfield>
    <subfield code="r">2018-06-15 00:00:00</subfield>
    <subfield code="t">1</subfield>
    <subfield code="v">1254.00</subfield>
    <subfield code="y">EN</subfield>
  </datafield>
  <datafield tag="952" ind1=" " ind2=" ">
    <subfield code="0">0</subfield>
    <subfield code="1">0</subfield>
    <subfield code="4">0</subfield>
    <subfield code="7">0</subfield>
    <subfield code="8">NFIC</subfield>
    <subfield code="a">BL4</subfield>
    <subfield code="b">BL4</subfield>
    <subfield code="d">2018-06-15</subfield>
    <subfield code="e">Atlantic pub-CUS103131/30.11.17/637/20.11.17/19.1.18</subfield>
    <subfield code="g">1254.00</subfield>
    <subfield code="l">0</subfield>
    <subfield code="o">658.4012 LAS</subfield>
    <subfield code="p">B-689009</subfield>
    <subfield code="r">2018-06-15 00:00:00</subfield>
    <subfield code="t">1</subfield>
    <subfield code="v">1254.00</subfield>
    <subfield code="y">EN</subfield>
  </datafield>
</record>
